Análisis de toma de decisiones con incertidumbre en ingeniería

שמור ב:
מידע ביבליוגרפי
מחבר ראשי: Guila Moya, Luis Felipe
פורמט: לא ידוע
יצא לאור: [San José, Costa Rica] 1980
נושאים:
תגים: הוספת תג
אין תגיות, היה/י הראשונ/ה לתייג את הרשומה!

MARC

LEADER 00000 a2200000 4500
003 001198
005 20221231143740.0
008 140114s1980 cr a m 000 ||s d
040 |c cru CEDI 
090 |a TFG 965 
100 |a Guila Moya, Luis Felipe  |9 16016 
245 |a Análisis de toma de decisiones con incertidumbre en ingeniería 
260 |c 1980  |a  [San José, Costa Rica] 
300 |a  107hojas: ilustraciones ; 28 cm  
500 |a  Tesis (ingeniero civil)--Universidad de Costa Rica.  
650 |x TOMA DE DECISIONES   |x INGENIERIA - MODELOS MATEMATICOS  |9 16017 
942 |c TFG 
999 |c 11234  |d 11234